Capitals of Former Countries Quiz - Statistics

General Stats
  • This quiz has been taken 127 times
  • The average score is 14 of 18
Answer Stats
Country Capital % Correct
Soviet Union Moscow
99%
Czechoslovakia Prague
96%
Ottoman Constantinople
94%
Bavaria Munich
92%
Yugoslavia Belgrade
91%
Korea Seoul
90%
Prussia Berlin
88%
Hawaii Honolulu
88%
Texas Austin
85%
Scotland Edinburgh
85%
North Vietnam Hanoi
85%
West Germany Bonn
79%
Papal States Rome
73%
Tibet Lhasa
64%
Two Sicilies Naples
54%
Piedmont-Sardinia Turin
51%
Newfoundland St. John's
46%
Cospaia Cospaia
13%
No matching quizzes found
Score Distribution
Percent of People with Each Score
Percentile by Number Answered
Your Score History
You have not taken this quiz